| 000 | 00387nam a2200145 i 4500 | ||
|---|---|---|---|
| 001 | 57222 | ||
| 003 | ES-MaACL | ||
| 007 | t| | ||
| 008 | 031015s1953 xxu ||||1| eng d | ||
| 100 | 1 |
_aDoob, J. L. _945359 |
|
| 245 | 1 | 0 |
_aStochastic processes / _cJ.L. Doob. |
| 260 |
_aNew York, etc. : _bJohn Wiley, _c[1953] |
||
| 300 |
_aVII, 654 p. ; _c24 cm. |
||
| 852 |
_aES-MaACL _jE-9404 _bR.94225 |
||
| 999 |
_c57222 _d57222 |
||